đŸŽ¶ Paroles "Petite fille" Yves Duteil - Statistiques

Statistiques générales
  • Ce quiz a Ă©tĂ© pris 13 fois
  • Le rĂ©sultat moyen est 158 sur 211
Statistiques - réponses
Mots % Correct
Ă 
100%
a
100%
ai
100%
c'
100%
C'
100%
Ce
100%
cƓur
100%
d'
100%
est
100%
fil
100%
fille
100%
fille,
100%
grand
100%
j'
100%
J'
100%
l'
100%
le
100%
m'
100%
Petite
100%
que
100%
Que
100%
qui
100%
s'
100%
sais
100%
su
100%
t'
100%
Tu
100%
tu
100%
un
100%
Un
100%
vie
100%
aimé
86%
amour
86%
au
86%
dans
86%
de
86%
des
86%
jamais
86%
je
86%
Je
86%
jour
86%
la
86%
La
86%
les
86%
ma
86%
me
86%
n'
86%
ne
86%
Pour
86%
pour
86%
sur
86%
Tes
86%
tes
86%
ton
86%
vent
86%
yeux
86%
dire
71%
entré
71%
entre
71%
et
71%
Et
71%
Il
71%
moi,
71%
mon
71%
plus
71%
si
71%
sont
71%
ta
71%
vis
71%
air
57%
Ăąme
57%
ans
57%
as
57%
beaux
57%
chagrins
57%
chansons
57%
cheveux
57%
Comme
57%
déjà
57%
envoles
57%
épaules
57%
frĂŽles
57%
horizon
57%
main
57%
maison
57%
matin
57%
monde
57%
mots
57%
On
57%
pur
57%
quand
57%
Regarde
57%
rit
57%
ruisseau
57%
soleil
57%
soleils,
57%
ami,
43%
aussi
43%
avait
43%
azur
43%
brille
43%
cadeau
43%
chasser
43%
cils
43%
claire
43%
copain
43%
coulant
43%
créé
43%
défie
43%
demain
43%
demander
43%
Depuis
43%
destin
43%
écris
43%
fait
43%
faut
43%
fĂȘter
43%
garçon
43%
garder
43%
gorge
43%
grandi
43%
histoire
43%
miroir !
43%
nuages
43%
pense
43%
pincée
43%
printemps
43%
profond,
43%
profond
43%
quinze
43%
saisons
43%
sel
43%
serrée
43%
soudain !
43%
souffle
43%
subtil
43%
viendra
43%
dirait
29%
dors
29%
enroule
29%
pendant
29%
sommeil,
29%
Aucun quiz correspondant
Distribution des résultats
% des personnes avec chaque résultat
Percentile par nombre de réponses
Votre historique - résultats
Vous n’avez pas pris ce quiz